Personnages clones (écho-ε) de Super Smash Bros. Ultimate - Statistiques

Statistiques générales
  • Ce quiz a été pris 67 fois
  • Le résultat moyen est 7 sur 7
Statistiques - réponses
Numéro Écho de... Personnage % Correct
13ε Peach Daisy
100%
60ε Ryu Ken
98%
21ε Marth Lucina
98%
28ε Pit Pit maléfique
98%
Samus Samus sombre
98%
66ε Simon Richter
95%
25ε Roy Chrom
90%
Aucun quiz correspondant
Distribution des résultats
% des personnes avec chaque résultat
Percentile par nombre de réponses
Votre historique - résultats
Vous n’avez pas pris ce quiz